| 000 | 00458nam a2200181Ia 4500 | ||
|---|---|---|---|
| 001 | 4518 | ||
| 005 | 20260306145802.0 | ||
| 008 | 260306t2011||||xx |||||||||||||| ||spa|| | ||
| 041 | _aESP | ||
| 082 |
_a324.0985 _bP86 |
||
| 100 |
_aPrieto Celi, Federico, _eAUT |
||
| 245 | 0 |
_aAsí se hizo el Perú : _bcrónica política de 1939 a 2009 |
|
| 260 | _c2011 | ||
| 300 |
_a528 páginas : _c23 cm. |
||
| 650 | _aGEN | ||
| 654 | _aCHU | ||
| 942 |
_cLIB _dJUS _fJUS _2ddc _n |
||
| 999 |
_c4518 _d4518 |
||